Museos españoles : la renovación arquitectónica /
Catálogo de la exposición itinerante organizada por el Ministerio de Educación y Cultura de España sobre conservación y restauración arquitectónica de nueve museos españoles: Museo de Zamora, Museo de América, Museo de Huesca, Museo de Bellas Artes de Sevilla, Museo de Navarra, Museo de Sefardí, Mus...
Shranjeno v:
| Korporativna značnica: | |
|---|---|
| Drugi avtorji: | , |
| Format: | Knjiga |
| Jezik: | španščina |
| Teme: | |
| Oznake: |
Brez oznak, prvi označite!
|
MARC
| LEADER | 00000nam^a2200000^a^4500 | ||
|---|---|---|---|
| 001 | 000188837 | ||
| 005 | 20250521000000.0 | ||
| 009 | 20260310102353.817 | ||
| 020 | |a 84-8181-156-4 | ||
| 037 | |a Acervo ITESO - Biblioteca | ||
| 041 | |a ESP | ||
| 082 | |a 719. 320946 |b ESP | ||
| 110 | |a España. |b Ministerio de Educación y Cultura | ||
| 245 | 1 | 0 | |a Museos españoles : |b la renovación arquitectónica / |c Ministerio de Educación y Cultura ; curaduría de C. Baztán Lacasa ; presen. de B. Pendás. |
| 264 | |a España : |b Ministerio de Educación y Cultura, |c 1997 | ||
| 300 | |a 48 p. | ||
| 336 | |a texto |b txt |2 rdacontenido | ||
| 337 | |a sin mediación |b n |2 rdamedio | ||
| 338 | |a volumen |b nc |2 rdasoporte | ||
| 520 | |a Catálogo de la exposición itinerante organizada por el Ministerio de Educación y Cultura de España sobre conservación y restauración arquitectónica de nueve museos españoles: Museo de Zamora, Museo de América, Museo de Huesca, Museo de Bellas Artes de Sevilla, Museo de Navarra, Museo de Sefardí, Museo de Cádiz, Museo de Bellas Artes de la Coruña y Museo Nacional de Arte Romano de Mérida. | ||
| 649 | |a XX | ||
| 650 | |a Museos y Galerías - |z España - |x Colecciones | ||
| 650 | |a Museos y Galerías - |z España | ||
| 650 | |a Restauración y Conservación Arquitectónica - |z España - |x Exposiciones - |x Tema Principal | ||
| 650 | |a Arquitectura Española - |x Historia y Crítica | ||
| 650 | |a Arte Español - |x Historia y Crítica | ||
| 700 | |a Baztán Lacasa, Carlos |e (curaduría) | ||
| 700 | |a Pendás, Benigno |e (presentación) | ||
| 910 | |a Fondo Julio de la Peña Lomelín | ||
| 920 | |a Impresos - Libros | ||
| 930 | |a Arquitectos Jaliscienses | ||
| 905 | |a 115 | ||
| 901 | |a 0500131583 |b IT1 |c JAL |u 20250521 | ||
| 902 | |a https://opac.biblio.iteso.mx/vufind/Record/000188837 | ||